000 00602nam a2200205Ia 4500
001 15678
003 GE_BSU
008 181216s||||||||xx |||||||||||||| ||und||
040 _cGE_BSU
080 _a821.353.1-32
100 _aჩხაიძე, ია
245 _aმოთხრობები
245 _cრედ.შ.ზოიძე. მხატვ. თ.დიასამიძე
260 _aბათუმი
260 _bსაბჭ. აჭარა
260 _c1972
300 _a270გვ. ; 20სმ.ფოტო
653 _aმოთხრობები
942 _cBK
999 _c48777
_d48777